Cultura Geral 5 - Statistics

Estatísticas Gerais
  • Esse quiz foi jogado 610 vezes
  • A pontuação média é 13 de 15
Estatísticas das Respostas
Hint Resposta % Correto
Qual é o país mais populoso do mundo? China
99%
Em qual país foi detectado o primeiro caso de Covid-19? China
99%
Quantas cores tem o arco-íris? 7
98%
Quantas patas tem uma aranha? 8
98%
Quando é verão no Brasil, qual é a estação do ano na Europa? Inverno
98%
Qual oceano separa a América da África e da Europa? Atlântico
96%
Quais são as cores da bandeira da Espanha? Vermelho e Amarelo
95%
Qual é o planeta mais próximo do sol? Mercúrio
92%
Qual animal dorme de cabeça para baixo? Morcego
90%
Em qual cidade dos Estados Unidos fica a famosa Estátua da Liberdade? Nova Iorque
90%
Qual é o ponto mais alto do mundo? Everest
87%
Qual é o nome agente secreto da ficção conhecido pelo número 007? James Bond
84%
Qual elemento químico é representado pela sigla Ag na tabela periódica? Prata
77%
Qual a capital da Suiça? Berna
74%
De país é originário o queijo Danbo? Dinamarca
31%
Nenhum quiz correspondente encontrado
Distribuição das Pontuações
Porcentagem de Pessoas com Cada Pontuação
Percentil de Números Respondidos
Sua Pontuação Histórica
Você não jogou esse quiz